[Event "OLBA 2122 SK Ettlingen - SF Bad Mergent"]
[Site "?"]
[Date "2021.10.24"]
[Round "2.7"]
[White "Raps, Johannes"]
[Black "Reichel, Jonathan"]
[Result "1/2-1/2"]
[WhiteElo "2124"]
[BlackElo "2092"]
[PlyCount "193"]
[EventDate "2021.??.??"]

1. d4 Nf6 2. c4 c5 3. Nf3 cxd4 4. Qxd4 Nc6 5. Qd1 d5 6. cxd5 Qxd5 7. Qxd5 Nxd5
8. e4 Ndb4 9. Na3 Bg4 10. Bd2 e5 11. Bc4 f6 12. O-O O-O-O 13. Be3 Kb8 14. Rfd1
Be7 15. Rxd8+ Rxd8 16. Ne1 Na5 17. Bf1 Be6 18. Nb5 b6 19. b3 Rc8 20. Bd2 a6 21.
Nc3 Kb7 22. Rb1 Rd8 23. Be3 Nbc6 24. Na4 Nd4 25. Nd3 Rc8 26. f4 Bd6 27. fxe5
fxe5 28. Rc1 Rxc1 29. Bxc1 Nac6 30. Be3 Bf7 31. Kf2 Bg6 32. Nc3 b5 33. g4 Nb4
34. Nxb4 Bxb4 35. Nd5 Bc5 36. Bd3 Kc6 37. h4 Bf7 38. Nc3 Kd6 39. Kg2 Ne6 40.
Bd2 Bd4 41. Ne2 Bc5 42. Kf3 Nd8 43. Ng3 g6 44. h5 Nc6 45. hxg6 hxg6 46. Ne2 Nb4
47. Bb1 Nc6 48. Bd3 Bb4 49. Bh6 Ke6 50. Bg5 Be7 51. Be3 Nb4 52. Bb1 Kd7 53. Bd2
Bc5 54. Bc3 Nc6 55. Bd3 Kd6 56. Bd2 Nb4 57. Bb1 Nc6 58. Bd3 Be6 59. Bh6 Nb4 60.
Bb1 Ke7 61. Bg5+ Kd6 62. Bh6 Ke7 63. Bg5+ Kd7 64. Bf6 Nc6 65. Bd3 Be7 66. Bxe7
Kxe7 67. Kg3 Nb4 68. Bb1 Kf6 69. Ng1 a5 70. Nf3 g5 71. Nd2 Nc6 72. Bd3 Nd4 73.
Nb1 a4 74. bxa4 bxa4 75. Nc3 a3 76. Nb1 Bxa2 77. Nxa3 Bb3 78. Bc4 Ba4 79. Nb1
Bc6 80. Nc3 Ke7 81. Bd5 Bd7 82. Nd1 Nc2 83. Nf2 Kf6 84. Nd1 Nd4 85. Ne3 Ne2+
86. Kf3 Nd4+ 87. Kg3 Ne2+ 88. Kf3 Nd4+ 89. Kg3 Bc8 90. Bc4 Bb7 91. Bd5 Bc8 92.
Bc4 Bb7 93. Bd5 Ba6 94. Bc4 Bb7 95. Bd5 Bc8 96. Bc4 Bb7 97. Bd5 1/2-1/2

[Event "OLBA 2122 SK Ettlingen - SF Bad Mergent"]
[Site "?"]
[Date "2021.10.24"]
[Round "2.8"]
[White "Juelg, Gabriel"]
[Black "Kistner, Klaus"]
[Result "1-0"]
[WhiteElo "2051"]
[BlackElo "2169"]
[PlyCount "101"]
[EventDate "2021.??.??"]

1. d4 Nf6 2. c4 g6 3. Nc3 Bg7 4. g3 O-O 5. Bg2 d6 6. Nf3 Nc6 7. O-O a6 8. b3
Rb8 9. d5 Na5 10. Bg5 c5 11. dxc6 bxc6 12. c5 h6 13. Bd2 Nd7 14. cxd6 exd6 15.
Rc1 Nb7 16. Bf4 Ndc5 17. Nd4 Bxd4 18. Qxd4 Ne6 19. Qd2 Nxf4 20. Qxf4 Bd7 21.
Qxh6 d5 22. e4 d4 23. Na4 Qa5 24. Bh3 Be8 25. Qf4 Rd8 26. e5 Qd5 27. Bg2 Qe6
28. Rcd1 d3 29. Qe3 Qe7 30. Rxd3 Rxd3 31. Qxd3 Qxe5 32. Qxa6 Nd8 33. Rd1 Ne6
34. Qc4 c5 35. Nc3 Nd4 36. b4 cxb4 37. Qxb4 Ne6 38. Nd5 Kg7 39. Nc3 Rh8 40. a4
Rh5 41. Bd5 Nc7 42. Bf3 Rf5 43. Be4 Qc5 44. Qb2 Rf6 45. Nd5 Nxd5 46. Rxd5 Qc7
47. a5 Qe7 48. Re5 Qd8 49. a6 Kh7 50. Rxe8 Qxe8 51. Qxf6 1-0

[Event "OLBA 2122 OSG Baden-Baden III - SC Emme"]
[Site "?"]
[Date "2021.10.24"]
[Round "2.1"]
[White "Korpa, Bence"]
[Black "Milov, Vadim"]
[Result "1/2-1/2"]
[WhiteElo "2517"]
[BlackElo "2607"]
[PlyCount "88"]
[EventDate "2021.??.??"]

1. d4 Nf6 2. Nf3 g6 3. c4 Bg7 4. g3 O-O 5. Bg2 d6 6. O-O Nc6 7. Nc3 Rb8 8. Bf4
a6 9. Rc1 Bg4 10. h3 Bxf3 11. Bxf3 Nd7 12. Be3 e5 13. d5 Nd4 14. Bg2 b5 15.
cxb5 axb5 16. b4 Nf5 17. Bd2 Rb7 18. Be4 Nf6 19. Bxf5 gxf5 20. Bg5 Qd7 21. Qd2
Ne4 22. Nxe4 fxe4 23. Bh6 f5 24. f3 Rf6 25. Bxg7 Qxg7 26. Kh2 Rg6 27. fxe4 f4
28. e3 Rxg3 29. exf4 Ra7 30. a4 bxa4 31. f5 h5 32. f6 Qg6 33. f7+ Kf8 34. Qf2
h4 35. Rg1 Rb7 36. Rxg3 Qxg3+ 37. Qxg3 hxg3+ 38. Kxg3 a3 39. Kg4 a2 40. Ra1 Ra7
41. Kf5 Kxf7 42. h4 Ra3 43. b5 Rf3+ 44. Kg5 Rg3+ 1/2-1/2

[Event "OLBA 2122 OSG Baden-Baden III - SC Emme"]
[Site "?"]
[Date "2021.10.24"]
[Round "2.2"]
[White "Schmider, Niklas"]
[Black "Miezis, Normunds"]
[Result "1-0"]
[WhiteElo "2341"]
[BlackElo "2467"]
[PlyCount "105"]
[EventDate "2021.??.??"]

1. e4 c5 2. Nf3 e6 3. d4 cxd4 4. Nxd4 a6 5. c4 Nf6 6. Nc3 Qc7 7. a3 Nc6 8. Be2
h5 9. Be3 Ng4 10. Bxg4 hxg4 11. Nxc6 dxc6 12. Qxg4 b5 13. c5 Rxh2 14. Rxh2 Qxh2
15. O-O-O e5 16. Qg5 Be6 17. Nd5 cxd5 18. exd5 f6 19. Qg6+ Bf7 20. Qe4 f5 21.
Qxf5 Qh5 22. Qd3 Bg6 23. Qc3 Qf5 24. d6 Rd8 25. Rd5 Kf7 26. Rxe5 Qb1+ 27. Kd2
Bxd6 28. cxd6 Rxd6+ 29. Bd4 Rd7 30. Ke3 Qd1 31. Rg5 Re7+ 32. Be5 Rd7 33. Kf4
Rd3 34. Qc7+ Rd7 35. Qc6 Qd2+ 36. Kg4 Qe2+ 37. Kh3 Qd3+ 38. f3 Re7 39. Bc3 Qd7+
40. Qxd7 Rxd7 41. f4 b4 42. axb4 Rd3+ 43. Kh2 Be4 44. f5 g6 45. Rxg6 Rd5 46. g4
Bd3 47. Rg7+ Kf8 48. Kg3 Bb5 49. Kf4 Rd3 50. Rc7 Ke8 51. g5 Rd1 52. g6 Bd7 53.
f6 1-0

[Event "OLBA 2122 OSG Baden-Baden III - SC Emme"]
[Site "?"]
[Date "2021.10.24"]
[Round "2.3"]
[White "Weidemann, Joerg"]
[Black "Schmaltz, Roland"]
[Result "1/2-1/2"]
[WhiteElo "2313"]
[BlackElo "2457"]
[PlyCount "126"]
[EventDate "2021.??.??"]

1. e4 c5 2. Nf3 d6 3. c3 Nf6 4. h3 Nc6 5. Bd3 e6 6. O-O d5 7. e5 Nd7 8. Re1 Be7
9. Bc2 b6 10. d4 a5 11. Nbd2 cxd4 12. cxd4 Ba6 13. Nf1 Rc8 14. a3 b5 15. Ng3 a4
16. Nh5 g6 17. Nf4 Nb6 18. Nd3 Qc7 19. Bf4 Nc4 20. Rb1 Qa7 21. Nc1 h6 22. Ne2
g5 23. Bc1 Bd8 24. Bd3 N6a5 25. h4 Nb3 26. Bxc4 Rxc4 27. hxg5 hxg5 28. Bxg5
Bxg5 29. Nxg5 Nxd4 30. Nxd4 Rxd4 31. Qc2 Rc4 32. Qd2 Rch4 33. Nh3 Bb7 34. Rbc1
Qb6 35. Re3 Rg8 36. Qd3 Rc4 37. Rd1 Rcg4 38. Kf1 Rxg2 39. Qd4 Qxd4 40. Rxd4
R2g4 41. Nf4 Rg1+ 42. Ke2 Kd7 43. Rc3 Rc8 44. Rxc8 Kxc8 45. Nd3 Bc6 46. Rh4 Rg8
47. Rh7 Be8 48. Ke3 Kd8 49. Rh6 Ke7 50. Rh1 Rg4 51. f3 Rc4 52. Rh2 Kd8 53. Nb4
Rc1 54. Nd3 Rb1 55. Rc2 Rh1 56. Nc5 Rh5 57. Nd3 Rh4 58. f4 f6 59. Rg2 fxe5 60.
Nxe5 Rh1 61. Kd4 Rh4 62. Ke3 Rh7 63. Kd4 Rh4 1/2-1/2

[Event "OLBA 2122 OSG Baden-Baden III - SC Emme"]
[Site "?"]
[Date "2021.10.24"]
[Round "2.4"]
[White "Schlosser, Philipp"]
[Black "Kiefer, Gerhard"]
[Result "1-0"]
[WhiteElo "2507"]
[BlackElo "2221"]
[PlyCount "71"]
[EventDate "2021.??.??"]

1. c4 e5 2. g3 Nf6 3. Bg2 d5 4. cxd5 Nxd5 5. Nf3 Nc6 6. O-O Nb6 7. b3 Be7 8.
Bb2 Bf6 9. Nc3 e4 10. Ne1 Bf5 11. Nc2 Qd7 12. Qc1 Qe6 13. Ne3 Bg6 14. f3 O-O-O
15. Nxe4 Nd4 16. Rf2 Bxe4 17. fxe4 Kb8 18. Nf5 Be5 19. e3 Nxf5 20. exf5 Bxb2
21. Qxb2 Qh6 22. Rc1 Rhe8 23. a4 Nd5 24. b4 Qf6 25. Qb3 Qd6 26. b5 Rd7 27. a5
Nf6 28. Rc4 Rde7 29. a6 b6 30. Rd4 Qc5 31. Rff4 Qe5 32. Qc4 c5 33. bxc6 Kc7 34.
Rd7+ Rxd7 35. cxd7+ Kxd7 36. Bc6+ 1-0

[Event "OLBA 2122 OSG Baden-Baden III - SC Emme"]
[Site "?"]
[Date "2021.10.24"]
[Round "2.5"]
[White "Vatter, Hans-Joachim"]
[Black "Kachiani-Gersinska, Ketino"]
[Result "1/2-1/2"]
[WhiteElo "2197"]
[BlackElo "2290"]
[PlyCount "31"]
[EventDate "2021.??.??"]

1. e4 c6 2. d4 d5 3. exd5 cxd5 4. Bd3 Nc6 5. c3 Qc7 6. h3 Nf6 7. Nf3 g6 8. Qc2
Bg7 9. O-O O-O 10. Re1 Nh5 11. Be3 Nf4 12. Bf1 Ne6 13. Bd3 Nf4 14. Bf1 Ne6 15.
Bd3 Nf4 16. Bf1 1/2-1/2

[Event "OLBA 2122 OSG Baden-Baden III - SC Emme"]
[Site "?"]
[Date "2021.10.24"]
[Round "2.6"]
[White "Wu, Luka"]
[Black "Herbrechtsmeier, Christof"]
[Result "1-0"]
[WhiteElo "2080"]
[BlackElo "2159"]
[PlyCount "97"]
[EventDate "2021.??.??"]

1. e4 g6 2. d4 Bg7 3. Nf3 d5 4. exd5 Qxd5 5. Be2 Nf6 6. c4 Qd8 7. Qa4+ Nbd7 8.
O-O O-O 9. Rd1 c6 10. Nc3 Qc7 11. Bg5 Nb6 12. Qb3 Bf5 13. Rac1 Ne4 14. Nxe4
Bxe4 15. Qe3 Bxf3 16. Bxf3 e5 17. c5 Nd5 18. Bxd5 exd4 19. Rxd4 cxd5 20. Rxd5
Bxb2 21. Rcd1 Rfe8 22. Qb3 Bg7 23. g3 Qc6 24. Rd7 Re1+ 25. Rxe1 Qxd7 26. Re7
Qf5 27. Rxb7 Bd4 28. Be3 Bxe3 29. Qxe3 Rd8 30. Qb3 Rd3 31. Rb8+ Kg7 32. Qb2+
Kh6 33. Qc1+ Kg7 34. c6 Qf3 35. Rb1 Rc3 36. c7 Qc6 37. Qb2 f6 38. Qb8 Rc1+ 39.
Rxc1 Qxc1+ 40. Kg2 Qc6+ 41. Kh3 Qd7+ 42. g4 Qd3+ 43. Kg2 Qe4+ 44. Kg3 f5 45.
Qb2+ Kh6 46. Qc1+ g5 47. gxf5 Qh4+ 48. Kg2 Qg4+ 49. Kf1 1-0

[Event "OLBA 2122 OSG Baden-Baden III - SC Emme"]
[Site "?"]
[Date "2021.10.24"]
[Round "2.7"]
[White "Schrems, Hermann"]
[Black "Wu, Leon"]
[Result "1-0"]
[WhiteElo "2071"]
[BlackElo "2022"]
[PlyCount "155"]
[EventDate "2021.??.??"]

1. d4 Nf6 2. c4 e6 3. g3 d5 4. Nf3 b6 5. Bg2 Ba6 6. cxd5 exd5 7. O-O Bd6 8. Nc3
O-O 9. Bg5 c6 10. Re1 Be7 11. Qc2 Nbd7 12. Rac1 Bb7 13. Nh4 h6 14. Bd2 c5 15.
Nf5 cxd4 16. Nb5 Nc5 17. Nbxd4 Rc8 18. Bh3 Nce4 19. Nxe7+ Qxe7 20. Bxc8 Bxc8
21. f3 Nxg3 22. hxg3 Qe5 23. Kf2 Qxd4+ 24. e3 Qe5 25. Bc3 Qg5 26. Bxf6 Qxf6 27.
Qc3 Qg6 28. Qd4 Be6 29. Rc3 Qh5 30. Qh4 Qe5 31. Qf4 Qh5 32. g4 Qg6 33. Rg1 Rd8
34. Qd4 Qg5 35. Rcc1 Qh4+ 36. Kg2 Qg5 37. Rh1 Qe7 38. Kg3 Re8 39. Rh5 Qd6+ 40.
Qf4 Qxf4+ 41. Kxf4 Re7 42. a3 Rb7 43. g5 hxg5+ 44. Rxg5 g6 45. Rg2 a5 46. Rh2
Kf8 47. Rhc2 Ke7 48. Ke5 f6+ 49. Kd4 Kd6 50. Rc6+ Kd7 51. e4 dxe4 52. fxe4 a4
53. e5 fxe5+ 54. Kxe5 Bf5 55. Rd6+ Ke8 56. Rh1 Re7+ 57. Kf6 Rf7+ 58. Kg5 b5 59.
Rh8+ Ke7 60. Rd5 Bd7 61. Kxg6 Rf6+ 62. Kg5 Rf7 63. Rh6 Kd8 64. Kg6 Re7 65. Rh7
Rxh7 66. Kxh7 Kc7 67. Kg6 Kc6 68. Rd4 Be6 69. Kf6 Bc4 70. Ke5 Kc5 71. Rd8 Kb6
72. Kd4 Bf1 73. Rd6+ Ka5 74. Kc5 Be2 75. Re6 Bf1 76. Re7 Ka6 77. Kb4 Bc4 78.
Rh7 1-0

[Event "OLBA 2122 SGR Kuppenheim - SC Brombach"]
[Site "?"]
[Date "2021.10.24"]
[Round "2.1"]
[White "Jaeggi, Dorian"]
[Black "Roos, Daniel"]
[Result "1-0"]
[WhiteElo "2325"]
[BlackElo "2349"]
[PlyCount "71"]
[EventDate "2021.??.??"]

1. e4 c6 2. d4 d5 3. Nc3 dxe4 4. Nxe4 Bf5 5. Ng3 Bg6 6. h4 h6 7. Nf3 Nd7 8. h5
Bh7 9. Bd3 Bxd3 10. Qxd3 Qc7 11. Bd2 e6 12. O-O-O Ngf6 13. Ne4 O-O-O 14. g3 Nc5
15. Nxc5 Bxc5 16. c4 Qe7 17. Kb1 Ng4 18. Qe2 Bd6 19. Rhe1 Bb4 20. d5 Bc5 21.
dxc6 Bxf2 22. Rf1 Bc5 23. Ne5 Nxe5 24. Qxe5 Bd4 25. Qb5 Bf6 26. Ba5 b6 27. Bb4
Qc7 28. Qa6+ Kb8 29. Bd6 Rxd6 30. Rxd6 Rd8 31. Rfd1 Rxd6 32. Rxd6 Be7 33. Rd7
Qxc6 34. Qxa7+ Kc8 35. Rd1 Bf6 36. Qa3 1-0

[Event "OLBA 2122 SGR Kuppenheim - SC Brombach"]
[Site "?"]
[Date "2021.10.24"]
[Round "2.2"]
[White "Roos, Jean-Luc"]
[Black "Wirthensohn, Heinz"]
[Result "0-1"]
[WhiteElo "2200"]
[BlackElo "2296"]
[PlyCount "132"]
[EventDate "2021.??.??"]

1. e4 c5 2. Nf3 Nc6 3. d4 cxd4 4. Nxd4 g6 5. c4 Nf6 6. Nc3 d6 7. Be2 Nxd4 8.
Qxd4 Bg7 9. Be3 O-O 10. Qd2 Be6 11. Rc1 Qa5 12. f3 Rfc8 13. b3 a6 14. Na4 Qxd2+
15. Kxd2 Nd7 16. g4 f5 17. exf5 gxf5 18. h3 Rf8 19. f4 Rad8 20. g5 h6 21. h4 d5
22. cxd5 Bxd5 23. Rhg1 hxg5 24. hxg5 e5 25. Nc3 Be6 26. Rgd1 exf4 27. Bxf4 Ne5+
28. Ke1 Ng6 29. Bc7 Rxd1+ 30. Kxd1 b5 31. Bf3 Rf7 32. Bh2 Ne5 33. Bh5 Rd7+ 34.
Ke2 Bf7 35. Bxf7+ Kxf7 36. Rd1 Rxd1 37. Nxd1 Kg6 38. Bf4 Nf7 39. Ne3 Nxg5 40.
Nd5 Ne6 41. Bd2 Bf8 42. Kf3 Bd6 43. Be3 Nc7 44. Nb6 Kf6 45. a4 Ke6 46. axb5
axb5 47. Nc8 Kd5 48. Bb6 Ne6 49. Nxd6 Kxd6 50. Ke3 Ke5 51. Kd3 Nf4+ 52. Kd2 Ke4
53. Ba7 Nd5 54. Bc5 f4 55. Ke2 f3+ 56. Kf2 Nf4 57. Ba7 Nd3+ 58. Kg3 Nc1 59. b4
Nd3 60. Bc5 Nxc5 61. bxc5 Kd5 62. Kxf3 Kxc5 63. Ke3 Kb4 64. Kd2 Ka3 65. Kc2 b4
66. Kb1 Kb3 0-1

[Event "OLBA 2122 SGR Kuppenheim - SC Brombach"]
[Site "?"]
[Date "2021.10.24"]
[Round "2.3"]
[White "Ruefenacht, Matthias"]
[Black "Schuh, Hubert"]
[Result "1/2-1/2"]
[WhiteElo "2289"]
[BlackElo "2292"]
[PlyCount "109"]
[EventDate "2021.??.??"]

1. e4 c5 2. Nf3 d6 3. c3 Nf6 4. Bd3 Nc6 5. Bc2 Bg4 6. d3 g6 7. Nbd2 Bg7 8. h3
Bxf3 9. Nxf3 O-O 10. O-O Nd7 11. Be3 b5 12. Qd2 b4 13. Ba4 bxc3 14. bxc3 Rc8
15. Bh6 Qa5 16. Bxg7 Kxg7 17. Bb3 Nb6 18. Rab1 c4 19. Bxc4 Nxc4 20. dxc4 Qc5
21. Qe2 Ne5 22. Nxe5 Qxe5 23. Qd3 Rc7 24. Rb5 Qf6 25. f4 Rfc8 26. e5 dxe5 27.
fxe5 Qe6 28. Qd5 Rxc4 29. Qxe6 fxe6 30. Rb7 R8c7 31. Rxc7 Rxc7 32. Rc1 Rc5 33.
c4 Kf7 34. Kf2 Ke8 35. Kf3 Rxe5 36. c5 Kd7 37. Rc3 a5 38. c6+ Kc7 39. h4 h6 40.
g3 g5 41. hxg5 Rxg5 42. Kf4 Rf5+ 43. Kg4 Rb5 44. a4 Rg5+ 45. Kh4 Rd5 46. g4 Rg5
47. Rc4 e5 48. Kh3 h5 49. gxh5 Rxh5+ 50. Kg4 Rh6 51. Rc5 Rxc6 52. Rxa5 Rc4+ 53.
Kf5 Kb6 54. Rxe5 Rxa4 55. Rxe7 1/2-1/2

[Event "OLBA 2122 SGR Kuppenheim - SC Brombach"]
[Site "?"]
[Date "2021.10.24"]
[Round "2.4"]
[White "Karcher, Patrick"]
[Black "Resa, Tobias"]
[Result "1-0"]
[WhiteElo "2093"]
[BlackElo "2138"]
[PlyCount "59"]
[EventDate "2021.??.??"]

1. d4 Nf6 2. Nf3 g6 3. Bf4 Bg7 4. e3 d6 5. Be2 Nbd7 6. h3 b6 7. O-O Bb7 8. a4
a6 9. c4 O-O 10. Nc3 e6 11. a5 Qe7 12. b4 Rfd8 13. b5 e5 14. Bh2 axb5 15. axb6
Nxb6 16. Rxa8 Bxa8 17. Nxb5 Ne4 18. d5 f5 19. Nd2 c6 20. dxc6 Bxc6 21. Nxe4
Bxe4 22. Nc3 Kh8 23. Nxe4 fxe4 24. Qb1 Qc7 25. Qxe4 Rc8 26. Rb1 Qc5 27. Bg3 Bf6
28. Bh4 g5 29. Qf5 Nd7 30. Qxd7 1-0

[Event "OLBA 2122 SGR Kuppenheim - SC Brombach"]
[Site "?"]
[Date "2021.10.24"]
[Round "2.5"]
[White "Paul, Mathias"]
[Black "Metz, Hartmut"]
[Result "1/2-1/2"]
[WhiteElo "2069"]
[BlackElo "2214"]
[PlyCount "24"]
[EventDate "2021.??.??"]

1. e4 c6 2. d4 d5 3. e5 c5 4. dxc5 e6 5. a3 Bxc5 6. Qg4 Ne7 7. Nf3 Nf5 8. Bd3
h5 9. Qf4 g6 10. O-O Nc6 11. b4 Bf8 12. b5 Nb8 1/2-1/2

[Event "OLBA 2122 SGR Kuppenheim - SC Brombach"]
[Site "?"]
[Date "2021.10.24"]
[Round "2.6"]
[White "Klumpp, Jochen"]
[Black "Schwierskott, Marc"]
[Result "0-1"]
[WhiteElo "2077"]
[BlackElo "2132"]
[PlyCount "52"]
[EventDate "2021.??.??"]

1. Nf3 c5 2. g3 Nc6 3. Bg2 g6 4. c4 Bg7 5. Nc3 e5 6. O-O Nge7 7. Ne1 O-O 8. Nc2
d6 9. a3 Rb8 10. b4 b6 11. Ne3 Qd7 12. Re1 f5 13. Qa4 Nd4 14. Qxd7 Bxd7 15. Rb1
e4 16. Ncd5 Nxd5 17. Nxd5 Be6 18. d3 Bxd5 19. cxd5 exd3 20. exd3 Rfe8 21. Kf1
Rxe1+ 22. Kxe1 Re8+ 23. Kf1 Nc2 24. Bf4 Nxa3 25. Rb3 Nc2 26. Bf3 Nd4 0-1

[Event "OLBA 2122 SGR Kuppenheim - SC Brombach"]
[Site "?"]
[Date "2021.10.24"]
[Round "2.7"]
[White "Hecht, Jonas Christian"]
[Black "Merklinger, Markus"]
[Result "1/2-1/2"]
[WhiteElo "1968"]
[BlackElo "2103"]
[PlyCount "40"]
[EventDate "2021.??.??"]

1. e4 d6 2. d4 Nf6 3. Nc3 c6 4. f4 Qa5 5. Bd3 e5 6. fxe5 dxe5 7. dxe5 Ng4 8.
Nf3 Bc5 9. Rf1 Ne3 10. Bxe3 Bxe3 11. Bc4 O-O 12. Qd3 Bf4 13. g3 Bh6 14. e6 Bxe6
15. Bxe6 fxe6 16. Qc4 Re8 17. Nd4 Qg5 18. Rd1 Qe3+ 19. Nde2 Na6 20. Rd3 Qc5
1/2-1/2

[Event "OLBA 2122 SGR Kuppenheim - SC Brombach"]
[Site "?"]
[Date "2021.10.24"]
[Round "2.8"]
[White "Kick, Joachim"]
[Black "Pfau, Michael"]
[Result "1-0"]
[WhiteElo "2106"]
[BlackElo "2012"]
[PlyCount "145"]
[EventDate "2021.??.??"]

1. Nf3 Nc6 2. d4 d5 3. g3 Bg4 4. Bg2 Qd7 5. O-O Bh3 6. c4 Bxg2 7. Kxg2 e6 8.
Nc3 Bb4 9. Qa4 Nge7 10. a3 Bxc3 11. bxc3 O-O 12. Bf4 Rfc8 13. Rfe1 Ng6 14. Bd2
a6 15. cxd5 exd5 16. c4 Re8 17. Rac1 Rac8 18. cxd5 Qxd5 19. Qc4 Qd7 20. e4 h6
21. h3 Na7 22. a4 Nc6 23. Bc3 Nce7 24. Rcd1 b5 25. Qc5 Qd6 26. Bb4 Qxc5 27.
Bxc5 Nc6 28. axb5 axb5 29. d5 Na5 30. Nd4 Rb8 31. Bb4 Nc4 32. f4 h5 33. Kf3 h4
34. g4 Rb7 35. Ra1 Nb2 36. Re3 Nc4 37. Re2 Nf8 38. Rea2 Nd7 39. Ra8 Rxa8 40.
Rxa8+ Kh7 41. Nc6 f6 42. Ra7 Rxa7 43. Nxa7 g5 44. Nxb5 gxf4 45. Kxf4 Nde5 46.
Bc3 Nd3+ 47. Kf3 Nde5+ 48. Bxe5 Nxe5+ 49. Kf4 c6 50. dxc6 Nxc6 51. Nd6 Kg6 52.
Nf5 Ne5 53. Nxh4+ Kf7 54. Nf3 Ng6+ 55. Ke3 Kg7 56. h4 Kh6 57. h5 Nf8 58. Kf4
Ne6+ 59. Kf5 Nc5 60. e5 fxe5 61. Nxe5 Nb7 62. Kf6 Nc5 63. Nf7+ Kh7 64. g5 Ne4+
65. Kf5 Ng3+ 66. Kg4 Ne4 67. Kf4 Nc5 68. Kf5 Nd7 69. g6+ Kg8 70. h6 Nf8 71. Kf6
Nd7+ 72. Kg5 Nf8 73. Kf5 1-0

[Event "OLBA 2122 SC Untergrombach - SV Hockenh"]
[Site "?"]
[Date "2021.10.24"]
[Round "2.1"]
[White "Baramidze, David"]
[Black "Boric, Muhamed"]
[Result "1-0"]
[WhiteElo "2601"]
[BlackElo "2356"]
[PlyCount "83"]
[EventDate "2021.??.??"]

1. e4 c5 2. Nf3 d6 3. d4 cxd4 4. Nxd4 Nf6 5. Nc3 a6 6. h3 e5 7. Nde2 b5 8. Ng3
Be7 9. Bg5 Be6 10. Bxf6 Bxf6 11. Nh5 O-O 12. Nxf6+ Qxf6 13. Qxd6 Rd8 14. Qb6
Qg5 15. Qe3 Qxe3+ 16. fxe3 Nd7 17. O-O-O Kf8 18. Be2 Nf6 19. Rxd8+ Rxd8 20. a3
Ke7 21. Rd1 Rxd1+ 22. Kxd1 h5 23. b4 g6 24. Bd3 Bd7 25. a4 bxa4 26. Nd5+ Nxd5
27. exd5 a3 28. Kc1 Bb5 29. c4 e4 30. Be2 Ba4 31. h4 Bb3 32. c5 Bxd5 33. Bxa6
f6 34. g3 Kd7 35. Bb5+ Ke7 36. Kc2 Bf7 37. Bc6 f5 38. b5 Kd8 39. b6 Kc8 40. Bb5
Kb7 41. Kc3 Bg8 42. Be8 1-0

[Event "OLBA 2122 SC Untergrombach - SV Hockenh"]
[Site "?"]
[Date "2021.10.24"]
[Round "2.2"]
[White "Podat, Vladimir"]
[Black "Buhmann, Rainer"]
[Result "0-1"]
[WhiteElo "2302"]
[BlackElo "2580"]
[PlyCount "44"]
[EventDate "2021.??.??"]

1. d4 d5 2. c4 e6 3. Nc3 Nf6 4. cxd5 exd5 5. Bg5 Be7 6. e3 O-O 7. Bd3 Re8 8.
Qc2 h6 9. Bh4 c5 10. dxc5 d4 11. Rd1 dxc3 12. Bxf6 Bxf6 13. Bh7+ Kh8 14. Rxd8
Rxd8 15. Be4 cxb2 16. Ne2 Nc6 17. O-O Be6 18. a3 Rac8 19. Bxc6 Rxc6 20. Nd4
Rxd4 21. exd4 Bxd4 22. Qa4 Bxc5 0-1

[Event "OLBA 2122 SC Untergrombach - SV Hockenh"]
[Site "?"]
[Date "2021.10.24"]
[Round "2.3"]
[White "Dordzhieva, Dinara"]
[Black "Fuchs, Heinz"]
[Result "1-0"]
[WhiteElo "2327"]
[BlackElo "2252"]
[PlyCount "139"]
[EventDate "2021.??.??"]

1. d4 Nf6 2. Nf3 g6 3. c4 Bg7 4. g3 O-O 5. Bg2 d6 6. Nc3 Nbd7 7. O-O e5 8. e4
c6 9. h3 Qb6 10. Re1 exd4 11. Nxd4 Re8 12. Nc2 Qc7 13. Be3 Ne5 14. b3 Nfd7 15.
Nd4 Nc5 16. Qc2 a5 17. Rad1 Qb6 18. Nde2 Qb4 19. f4 Ned7 20. Bd2 Qb6 21. Kh2
Nf6 22. Ng1 Qc7 23. Be3 Nfd7 24. Bf2 h5 25. Nge2 Ne6 26. Qd2 Bf8 27. Nd4 Nec5
28. Nf3 Nf6 29. Qc2 Nfd7 30. Re2 Bg7 31. Nd4 Qb6 32. Red2 Qb4 33. Nde2 Bf8 34.
Rb1 a4 35. Nd4 Bg7 36. Rdd1 axb3 37. axb3 Bf8 38. Be1 Qb6 39. b4 Ne6 40. Nf3
Qc7 41. Bf2 Be7 42. Qd2 Kh7 43. Ra1 Rxa1 44. Rxa1 Bf6 45. Rd1 Rd8 46. Ne2 Nb6
47. Qc2 Nd7 48. g4 hxg4 49. hxg4 Kg8 50. Bg3 Qb6 51. g5 Be7 52. Qd2 Ng7 53.
Nfd4 Nf8 54. Bf3 Bd7 55. Kg2 Ra8 56. Rb1 Ra4 57. Nc2 c5 58. Nc3 Ra8 59. Nd5 Qd8
60. Nce3 Be6 61. Nxe7+ Qxe7 62. Qb2 cxb4 63. Be1 Ra3 64. Kf2 Rxe3 65. Kxe3 Bxc4
66. Qxb4 b5 67. Bc3 Nfe6 68. Qa3 Qb7 69. Qxd6 Qa7+ 70. Bd4 1-0

[Event "OLBA 2122 SC Untergrombach - SV Hockenh"]
[Site "?"]
[Date "2021.10.24"]
[Round "2.4"]
[White "Schneider, Bernd"]
[Black "Nekrasov, Mihail"]
[Result "1/2-1/2"]
[WhiteElo "2271"]
[BlackElo "2272"]
[PlyCount "58"]
[EventDate "2021.??.??"]

1. c4 e6 2. g3 d5 3. Bg2 Nf6 4. Nc3 d4 5. Ne4 Nxe4 6. Bxe4 Nd7 7. d3 Bb4+ 8.
Kf1 a5 9. h4 Be7 10. Nh3 Nc5 11. Bf3 h6 12. b3 e5 13. Bd2 c6 14. Bg2 Bf5 15.
Qc2 Qd7 16. Rd1 O-O 17. Qc1 Qe6 18. f3 Bh7 19. Nf2 f5 20. h5 e4 21. Bf4 e3 22.
Nh3 Bd6 23. Qb2 Bxf4 24. Nxf4 Qf6 25. Qa1 Qe5 26. Kg1 Rfd8 27. Rh4 Rd6 28. Kh2
Rad8 29. Rg1 Kh8 1/2-1/2

[Event "OLBA 2122 SC Untergrombach - SV Hockenh"]
[Site "?"]
[Date "2021.10.24"]
[Round "2.5"]
[White "Moeldner, Juergen"]
[Black "Kountz, Jochen"]
[Result "1/2-1/2"]
[WhiteElo "2252"]
[BlackElo "2315"]
[PlyCount "64"]
[EventDate "2021.??.??"]

1. e4 c5 2. Nf3 Nc6 3. d4 cxd4 4. Nxd4 g6 5. Nc3 Bg7 6. Be3 Nf6 7. f3 O-O 8.
Qd2 d5 9. exd5 Nxd5 10. Nxc6 bxc6 11. Bd4 Bxd4 12. Qxd4 Qa5 13. Bc4 Nxc3 14.
Qxc3 Qxc3+ 15. bxc3 Rd8 16. Ke2 Bf5 17. Rac1 h5 18. Rhg1 Rd6 19. Rgd1 Rb8 20.
Bd3 Be6 21. Rb1 Rdd8 22. Rb4 c5 23. Ra4 Rd7 24. Be4 Rbd8 25. Rxd7 Rxd7 26. Ra5
Rc7 27. Ke3 Kg7 28. a3 Bc4 29. Bd3 Bd5 30. Be4 Bc4 31. Bd3 Bd5 32. Be4 Bc4
1/2-1/2

[Event "OLBA 2122 SC Untergrombach - SV Hockenh"]
[Site "?"]
[Date "2021.10.24"]
[Round "2.6"]
[White "Raupp, Thomas"]
[Black "Guenthner, Oliver"]
[Result "1-0"]
[WhiteElo "2256"]
[BlackElo "2167"]
[PlyCount "109"]
[EventDate "2021.??.??"]

1. d4 d5 2. c4 Bf5 3. cxd5 Bxb1 4. Qa4+ c6 5. Rxb1 Qxd5 6. Nf3 Nd7 7. e3 Qf5 8.
Ra1 Ngf6 9. Qb3 Qa5+ 10. Bd2 Qb6 11. Bd3 Qxb3 12. axb3 a6 13. Ke2 e6 14. Rhc1
Be7 15. e4 O-O 16. Be3 Rfd8 17. h3 Nf8 18. Ne5 Ne8 19. Nc4 Nd6 20. Nb6 Rab8 21.
d5 cxd5 22. exd5 Bf6 23. Rc2 Nc8 24. Be4 Nxb6 25. Bxb6 Rd7 26. Rd1 exd5 27.
Rxd5 Re8 28. Kf3 Rxd5 29. Bxd5 Nd7 30. Be3 Ne5+ 31. Ke2 Nc6 32. Bxc6 bxc6 33.
Rxc6 Ra8 34. Rc2 Kf8 35. Kd3 Ke8 36. b4 Rb8 37. Kc4 Kd7 38. b3 Kc6 39. Ra2 Kb7
40. b5 axb5+ 41. Kxb5 Kc7+ 42. Kc4 Kd7 43. b4 Be7 44. b5 Bd8 45. Ra7+ Ke6 46.
b6 Rc8+ 47. Kb5 Rc2 48. Bc5 Rb2+ 49. Kc6 Bf6 50. Ra8 Be5 51. Re8+ Kf5 52. b7
Bf4 53. g3 Be5 54. Rxe5+ Kxe5 55. Bb6 1-0

[Event "OLBA 2122 SC Untergrombach - SV Hockenh"]
[Site "?"]
[Date "2021.10.24"]
[Round "2.7"]
[White "Ptak, Ferdinand"]
[Black "Sieglen, Joachim"]
[Result "1/2-1/2"]
[WhiteElo "2002"]
[BlackElo "2192"]
[PlyCount "87"]
[EventDate "2021.??.??"]

1. c4 c6 2. g3 d5 3. Bg2 Nf6 4. Nf3 Bg4 5. cxd5 cxd5 6. Qb3 Nc6 7. Qxb7 Bd7 8.
Qb3 e5 9. O-O e4 10. Ne1 Rb8 11. Qd1 Bc5 12. d3 Qe7 13. Nc2 O-O 14. d4 Bd6 15.
b3 Rfc8 16. Ba3 a5 17. Bxd6 Qxd6 18. Nc3 Nxd4 19. Qxd4 Qc5 20. Nxd5 Qxd5 21.
Qxd5 Nxd5 22. Nd4 f5 23. Rfc1 Kf7 24. Kf1 Kf6 25. Ke1 Ke5 26. e3 g5 27. Kd2 f4
28. Rxc8 Rxc8 29. Re1 f3 30. Bf1 Nf6 31. h3 h5 32. Rc1 Rxc1 33. Kxc1 h4 34. Kd2
hxg3 35. fxg3 g4 36. hxg4 Nxg4 37. Nc2 Nf6 38. Ke1 Kd5 39. Kf2 Kc5 40. Ke1 Kd5
41. Bc4+ Kc5 42. Bf1 Ng4 43. Kd2 Nf6 44. Ke1 1/2-1/2